[Event "Bundesliga 0304"]
[Site "Germany"]
[Date "2004.03.27"]
[Round "12.2"]
[White "Ribli, Zoltan"]
[Black "Krivoshey, Sergei"]
[Result "1-0"]
[WhiteElo "2593"]
[BlackElo "2495"]
[Annotator "Huebner,R"]
[PlyCount "77"]
[EventDate "2003.11.01"]
[EventType "team-tourn"]
[EventRounds "15"]
[EventCountry "GER"]
[SourceTitle "CBM 100"]
[Source "ChessBase"]
[SourceDate "2004.06.01"]
[SourceVersion "1"]
[SourceVersionDate "2004.06.01"]
[SourceQuality "1"]
[WhiteTeam "Tegernsee"]
[BlackTeam "Hofheim"]
[WhiteTeamCountry "GER"]
[BlackTeamCountry "GER"]

1. c4 c6 2. d4 d5 3. Nf3 Nf6 4. Nc3 a6 5. a4 e6 6. Bg5 Be7 7. e3 a5 8. Be2 Na6
9. O-O Nb4 10. Qb3 b6 11. Rac1 O-O 12. Na2 Bb7 13. Bxf6 gxf6 14. Nxb4 axb4 15.
Rfd1 dxc4 16. Bxc4 Ra5 17. e4 Kh8 18. Qc2 Rg8 19. b3 Rh5 20. Qe2 Qf8 21. Qe3
Qg7 22. Ne1 Bd6 23. g3 Qg5 24. Qxg5 Rhxg5 25. Bf1 Rd8 26. Bg2 Rgg8 27. Nd3 Be7
28. Nb2 c5 29. d5 f5 30. Nc4 fxe4 31. dxe6 f5 32. Nxb6 Rd6 33. Nc4 Rd4 34. Ne3
Rd3 35. Nc2 {Dieser Zug entzieht sich meinem Verständnis.} (35. Rxd3 exd3 36.
Bxb7 {sieht gut genug aus. Wahrscheinlich ist die Partienotation verdorben.})
35... Rxd1+ 36. Rxd1 Rd8 37. Rd7 Rxd7 38. exd7 Bc6 39. a5 1-0

[Event "Bundesliga 0304"]
[Site "Germany"]
[Date "2004.03.27"]
[Round "12.2"]
[White "Huebner, Robert"]
[Black "Sokolov, Ivan"]
[Result "1-0"]
[WhiteElo "2604"]
[BlackElo "2695"]
[Annotator "Huebner,R"]
[PlyCount "111"]
[EventDate "2003.11.01"]
[EventType "team-tourn"]
[EventRounds "15"]
[EventCountry "GER"]
[SourceTitle "CBM 100"]
[Source "ChessBase"]
[SourceDate "2004.06.01"]
[SourceVersion "1"]
[SourceVersionDate "2004.06.01"]
[SourceQuality "1"]
[WhiteTeam "Baden Oos"]
[BlackTeam "Porz"]
[WhiteTeamCountry "GER"]
[BlackTeamCountry "GER"]

1. d4 d5 2. c4 c6 3. Nc3 Nf6 4. Nf3 a6 5. c5 Bg4 6. Qb3 Ra7 7. Bg5 {Dies ist
ein neuer und, wie mir scheint, ziemlich sinnloser Zug. Nach} (7. Bf4 Bxf3 8.
gxf3 Nbd7 {steht der Läufer des weißen auf f4 nicht gut, weil er nach
allfälligem e7-e5 angegriffen ist. Der normale Zug ist aber natürlich}) (7. Ne5
) 7... Bxf3 ({Die Fortsetzung} 7... Nbd7 8. Bxf6 gxf6 9. e3 {gibt dem Weißen
die etwas bequemere Stellung.}) 8. gxf3 Nbd7 9. f4 {Jetzt kann Weiß wenigstens
den Vorstoß e7-e5 dauernd unterbinden; aber einen großen Erfolg stellt dies
nicht dar. Die Struktur des Schwarzen ist sehr solide.} e6 10. e3 Be7 11. Bd3
Ng8 (11... Nh5 12. Rg1 g6 13. Qc2 Bxg5 14. fxg5 e5 {scheint mir der einfachste
Weg zum Ausgleich zu sein.}) 12. Rg1 f6 13. Bh4 f5 {Jetzt steht dem Springer
dieses schöne Feld nicht mehr offen; schwerwiegend ist dies natürlich nicht.}
14. Bxe7 Qxe7 15. Qc2 Ngf6 16. b4 O-O 17. a4 b6 $2 {Dies halte ich für eine
strategisch verfehlte Entscheidung. Die Bauern auf a6 und c6 bleiben nun
dauernde Schwächen, während der Bauer des Weißen auf b4 gut verteidigt werden
kann. Nach} (17... Ne4 {hat Schwarz meines Erachtens keine Sorgen. Selbst wenn
es dem Weißen gelingt, in einiger Zukunft den Vorstoß b4-b5 durchzusetzen (und
dann mit b5-b6 fortzufahren), ist dies noch keineswegs tödlich für Schwarz.})
18. cxb6 Nxb6 19. a5 Nbd7 20. Na2 (20. Rb1 Rb7 21. Na2 Nb8 {führt zu ähnlichen
Bildern wie die Partiefortsetzung.}) 20... Nb8 21. Kf1 Nfd7 $6 {Auch dieser
Zug scheint mir von zweifelhaftem Wert zu sein. Meines Erachtens ist} (21...
Ne4 {vorzuziehen. Weiß möchte es vermeiden, f2-f3 zu spielen; ob er es nun
aber tut oder nicht, Schwarz kann bei Bedarf mit Se4-d6-b5 fortsetzen und so
die Schwäche des Bauern auf a6 aufheben - mit guten Überlebensaussichten.
Natürlich kann Schwarz auch für diesen Plan die Streckenführung über e8 wählen.
}) 22. Rb1 {Weiß bereitet nun die Überführung des Springers von a2 nach d3 vor.
} Rf6 $6 {Mit diesem Turmausflug zieht sich Schwarz nur weitere
Ungelegenheiten auf den Hals; später wird dieser Turm nach Öffnung der
Stellung völlig außer Spiel stehen. Ich schlage} (22... h6 23. Be2 Rb7 24. Kg2
Kh7 25. Kh1 Rg8 {vor, um bei Gelegenheit ein gegenspiel mit g7-g5 einzuleiten.}
) 23. Be2 Rh6 24. Rg2 Rb7 25. Qd2 Rh3 ({Nach} 25... c5 26. dxc5 Nxc5 27. Rc1
Ne4 28. Rc8+ Kf7 29. Qd4 {ist die Stellung des Schwarzen auch nicht erfreulich;
deshalb versucht er, zunächst ein Luftloch für den König zu schaffen. Ich
hätte aber}) (25... Rf6 {versucht.}) 26. Kg1 h6 27. Qe1 $6 (27. Nc1 c5 28. dxc5
Nxc5 29. Nd3 Ne4 30. Qe1 Rc7 {ist nun nicht so überzeugend. Deshalb entfernt
Weiß die Dame von d2, damit Sc5-e4 nicht unter Tempogewinn geschehen kann.}) (
27. Rb2 {zur Ausschaltung der Möglichkeit c6-c5 scheint mir jedoch jetzt viel
plausibler zu sein; nach} Nf6 28. f3 Ne8 29. Nc1 Nd6 30. Nb3 Nb5 31. Nc5 {
ist die Stellung des Schwarzen sehr ungemütlich.}) 27... Kh8 28. Nc1 c5 29.
dxc5 Nxc5 30. Nd3 Nxd3 (30... Ne4 31. f3 Nd6 32. Nc5 {ist jetzt sehr
unerfreulich für Schwarz.}) 31. Bxd3 Nc6 $2 (31... d4 {scheint mir viel
stärker zu sein, denn ich sehe für Weiß nun nichts Besseres als Turmtausch.
Nach} 32. Rg3 Rxg3+ 33. hxg3 dxe3 34. Qxe3 Qd6 {kann Schwarz vielleicht noch
überleben.}) 32. Bxa6 (32. Qc3 {wird von D. Poldauf in "Schach" 5/2004, S.15,
als stärker angegeben, aber nach} Rc7 (32... Nxb4 {scheitert an} 33. Qc8+ Kh7
34. Bxf5+) (32... Qd6 33. Rc1 Na7 34. Rg6 {kann Schwarz auch nicht aushalten.})
33. Rc1 (33. Bxa6 {ist verfehlt; Schwarz antwortet} Nxa5) 33... d4 34. Qc5 dxe3
(34... Qxc5 35. Rxc5 dxe3 {ist noch einfacher; es führt zur Hauptvariante, denn
} 36. Bxa6 {wird mit} Rd7 {pariert.}) 35. fxe3 ({Auch nach} 35. Qxe7 Rxe7 36.
Rxc6 exf2+ 37. Rxf2 Rxd3 38. Rxa6 Rb7 (38... Rb3 39. Rb6 Rd7 40. Ra2 {kann
Schwarz nicht überleben.}) 39. Rb2 Rb5 40. Rxe6 Ra3 {hat Schwarz vorzügliche
Remisaussichten.}) 35... Qxc5 (35... Rd7 36. Qxe7 Nxe7 37. Bxa6 Rxe3 38. Bc4
Nd5 (38... Rc7 {reicht nicht aus:} 39. b5 Ra3 40. b6 Rc5 41. b7 Nc6 42. Rg6 {
usw.}) 39. Bxd5 exd5 {ist die Lage noch nicht klar.}) 36. Rxc5 Rd7 37. Rxc6
Rxd3 38. Rb2 Rdxe3 39. Rxa6 Rh4 {ist die Angelegenheit keineswegs zu Ende, zum
Beispiel} 40. b5 Rg4+ 41. Kf2 Ra3 42. b6 Rxf4+ 43. Ke2 Re4+ 44. Kd2 Rh4 45. Kc1
Ra1+ 46. Rb1 Rc4+ 47. Kb2 Raa4 {usw. Mir ist nicht klar, ob 32.Dc3 oder 32.La6:
stärker ist.}) 32... Rxb4 33. Rxb4 Nxb4 34. Bf1 d4 {Schwarz muß um jeden Preis
versuchen, seinen Turm ins Spiel einzubeziehen.} 35. Rg6 ({Nach} 35. a6 dxe3
36. fxe3 Qc5 (36... Nxa6 {scheitert an} 37. Ra2) 37. Qa1 (37. a7 Qxa7 38. Qxb4
Rxe3 39. Rf2 Rf3 {ist nicht besser für Weiß als 37.Da1.}) (37. Re2 Nd3 38. Qd2
Nxf4 39. Re1 (39. Bxh3 Nxh3+ 40. Kg2 (40. Kf1 Qc6 {ist nicht besser für Weiß.})
40... Qc4 {ist höchst unklar.}) 39... Rf3 {gewährt dem Schwarzen Gegenspiel.})
37... Qxe3+ 38. Kh1 Qc3 39. Qa4 Nxa6 40. Qxa6 Re3 {wird Weiß schwerlich
gewinnen können.}) 35... Rh4 (35... Kh7 36. Rxe6 Qxe6 37. Bxh3 Nd5 38. Qb1 {
kann Schwarz nicht überleben.}) 36. a6 Kh7 37. Rg3 dxe3 38. fxe3 e5 {Immer
noch sucht Schwarz mit allen Mittel, seinen Königsturm ins Spiel zu bringen.}
39. Qa1 $2 (39. Qc3 Nxa6 (39... Nd5 {wird mit} 40. Qc8 Rh5 41. Bh3 Qf6 42. a7
Nb6 43. Qc3 {widerlegt.}) ({auf} 39... exf4 {folgt} 40. Qxg7+ Qxg7 41. Rxg7+
Kxg7 42. a7 {mit Gewinn. Das war auch nach dem Texzug vorgesehen; aber Schwarz
hat nun andere Verteidigungen.}) 40. Qc8 Qf6 41. Bc4 {, und Weiß setzt matt.
Die Schwäche des Bauern auf f5 wird dem Schwarzen verhängnisvoll.}) 39... Nc6 (
{Nach} 39... Nxa6 40. Qxa6 exf4 41. exf4 Rxf4 42. Qg6+ Kh8 43. Bd3 {ist es für
Schwarz nicht einfach, dem Angriff standzuhalten, zum Beispiel} Qe1+ 44. Kg2
Rf2+ 45. Kh3 Qe5 46. Bc4 f4 47. Rd3 {usw.}) 40. fxe5 Rb4 $6 (40... Qxe5 41.
Qxe5 Nxe5 42. e4 (42. Bh3 Ra4 43. Bxf5+ g6 44. Bc8 Nd3 {ist kaum
gewinnträchtig für Weiß.}) 42... Rxe4 43. Ra3 Nc6 44. Bg2 Rg4 {dürfte zur
Rettung genügen.}) 41. Bg2 {Weiß möchte den Springer an den rand drängen und
sich dann auf den König des Schwarzen stürzen. Die Durchführung dieser Idee
ist aber nicht genau.} (41. Bh3 g6 42. Bg2 Na7 {ist nicht besser.}) ({Der
kräftige Zentralisierungszug} 41. Qa2 {gefolgt von Da2-d5, hätte dem Weißen
wohl entscheidenden Vorteil verschafft.}) 41... Na7 (41... f4 {scheitert an}
42. Bxc6 ({Nach} 42. exf4 Qc5+ 43. Kh1 Qc2 44. Qg1 Rb1 45. Bf1 Qe4+ 46. Rg2 Nd4
{bekommt Weiß Schwierigkeiten.}) 42... fxg3 43. a7 Qh4 44. Bg2 {, und Weiß
gewinnt.}) 42. Rf3 {Weiß möchte die Schwächung g7-g6 erzwingen und seinen Turm
ins Zentrum zurückführen.} Qe6 43. Bh3 g6 44. Qa5 Qe7 45. e6 Rb5 46. Qc3 Rc5 ({
Auf} 46... Rb6 {war die Fortsetzung} 47. e4 Rxe6 48. exf5 Rxa6 49. f6 Qf7 (
49... Qf8 50. Qc7+ Kh8 51. Qe7 {führt zum Verlust.}) 50. Rd3 {vorgesehen. Nach}
Rc6 {(der einzige Zug)} 51. Qd2 Rc7 52. Rd6 {hat Schwarz immer noch mit den
größten Schwierigkeiten zu kämpfen, zum Beispiel} Nb5 ({Auch nach} 52... Qe8
53. Be6 Qb5 54. f7 Qb1+ 55. Kf2 Rc2 56. f8=Q Rxd2+ 57. Rxd2 Qb6+ 58. Kg2 Qxe6
59. Qd6 {sollte Weiß siegen.}) 53. Be6 Qe8 54. f7 Qf8 55. Rd8 Rc1+ 56. Kg2 Rc2
57. Rxf8 Rxd2+ 58. Kg1 Rd1+ 59. Kf2 Rd2+ 60. Ke1 Re2+ 61. Kf1 {und Weiß
gewinnt.}) 47. Qd4 $2 (47. Qd3 {bietet viel bessere Gewinnmöglichkeiten, zum
Beispiel} Qxe6 (47... Rc1+ 48. Kg2 Qxe6 49. Rxf5 Qc6+ 50. Rf3 Rc2+ 51. Kg3 Qc7+
52. Rf4 Rc3 53. Qe4 {ist ebenfalls schwierig für Schwarz.}) 48. e4 Rc1+ 49. Kg2
Qb6 50. Rf2 {, und der Angriff des Weißen sollte entscheidende Kraft besitzen.}
) 47... Rc7 $2 (47... Rc6 48. e4 (48. Qd7 Rxe6 49. Qxe7+ Rxe7 {dürfte nicht
zum Gewinn für Weiß reichen.}) 48... Rxe6 49. exf5 Rxa6 50. Bf1 Rf6 (50... Rd6
51. f6 {ist ungesund.}) 51. Bd3 Nc6 (51... g5 {scheitert an} 52. Re3 Qg7 53.
Re6 {usw.}) (51... gxf5 52. Bxf5+ Kg8 53. Rg3+ Kf8 54. Qc4 {überläßt dem
Weißen einen entscheidenden Angriff.}) 52. Re3 Qd6 53. Qxd6 Rxd6 54. fxg6+ Kg7
{hält remis.}) 48. e4 $18 Qxe6 49. exf5 Qxa6 50. Bf1 Qc6 (50... Rc1 {bietet
keine Rettung:} 51. Qd7+ Kg8 52. Qd8+ Kh7 53. f6 Qe6 54. Qe7+ Qxe7 55. fxe7 Re1
56. Rf7+) 51. fxg6+ Qxg6+ (51... Kg8 52. Qd8+ Kg7 53. Qf8+ Kxg6 54. Rg3+ {
nebst matt.}) 52. Rg3 Qb1 53. Qg4 Qb6+ 54. Kh1 Qb7+ 55. Rg2 Rg7 56. Qf5+ 1-0

[Event "RUS-ch51"]
[Site "St Petersburg"]
[Date "1998.08.02"]
[Round "6"]
[White "Popov, Valerij"]
[Black "Burmakin, Vladimir"]
[Result "1-0"]
[WhiteElo "2520"]
[BlackElo "2560"]
[Annotator "Huebner,R"]
[PlyCount "135"]
[EventDate "1998.07.28"]
[EventType "swiss"]
[EventRounds "11"]
[EventCountry "RUS"]
[SourceTitle "CBM 067"]
[Source "ChessBase"]
[SourceDate "1998.11.30"]
[SourceVersion "2"]
[SourceVersionDate "1998.11.01"]
[SourceQuality "1"]

{[%mdl 4512]} 1. d4 {Hecht} d5 2. c4 c6 3. Nf3 Nf6 4. Nc3 a6 5. Ne5 Nbd7 6. Bf4
dxc4 7. Nxc4 b5 8. Ne5 Nxe5 (8... Bb7 9. e3 e6 10. Be2 c5 11. Bf3 Bxf3 12. Qxf3
cxd4 13. exd4 Bb4 14. O-O Bxc3 15. bxc3 Nd5 $11 {Szabolcsi,J-Keitlinghaus,L/
Budapest FS08 GM 1996/0-1 (64)}) 9. Bxe5 Bb7 10. e3 c5 {Diese Neuerung sieht
nicht vertraueneinflößend aus; die Diagonale a4-d7 wird gefährlich entblößt.
In einer früheren Partie von Burmakin geschah} (10... Nd7 11. Bg3 b4 $6 (11...
e6 {sieht verständiger aus. Im Folgenden vernachlässigt Schwarz die
Entwicklung seines Königsflügels sträflich.}) 12. Ne4 c5 13. d5 Qa5 14. Bc4 Nb6
$2 (14... g6 {kam in Betracht, wenn auch die Lage für Schwarz positionell
schon sehr bedenklich ist; der Bauer auf c5 ist rückständig und schwach.}) 15.
Bc7 $18 {1-0 Gleizerov,E-Burmakin,V/RUS-Cup7 1997 (30)}) 11. dxc5 Nd7 12. Bg3
Nxc5 13. Qxd8+ Rxd8 14. Nxb5 axb5 15. Bxb5+ Nd7 16. O-O e5 $2 (16... e6 17.
Rfd1 Bd5 {bot bessere Überlebensaussichten.}) 17. Rfd1 f6 18. Rac1 Be4 19. f4
exf4 20. exf4 Bf5 21. Rc7 Bb4 22. a3 Ba5 23. Rb7 O-O 24. Bxd7 $18 Rf7 25. Rb5
Rfxd7 26. Rxd7 Bxd7 27. Rxa5 Rc8 {Hecht: '[#] Zwei weiße verbundene
Mehrfreibauern garantieren wegen des schwarzen Gegenspiels auf der anderen
Seite noch nicht den Gewinn. Zugunsten einer aktiven Figurenstellung bei
gesicherten Bauern und einem zentralisierten König gibt Weiß einen Bauern her.
Gutes Beispiel für Angriff und Verteidigung bei optimaler Figurenaufstellung.
Schwarz scheitert schlußendlich an der schlechteren Königsposition.'} 28. Rd5
Rc1+ 29. Kf2 Bc6 30. Rd2 Kf7 31. Ke3 Ke6 32. Kd4 Kf5 33. Re2 h5 34. Be1 Bb5 35.
Re7 Rc4+ 36. Kd5 Rc2 37. Rxg7 (37. Bc3 {Hecht} Rxg2 38. Kc5 Ba4 39. Ra7 Bd1 40.
a4 h4 $132) 37... Rxb2 38. Bh4 {'!' Hecht.} Rc2 39. Kd4 Rc6 40. Kd5 Rc2 41. g3
Bc4+ 42. Kd4 Be6 43. Rh7 Kg6 44. Ra7 Rxh2 45. a4 Rc2 {Hecht: 'Sperrt den
weißen König, läßt aber dafür dem Turm freie Hand.'} (45... Ra2 $5 {Hecht} 46.
Ra6 Kf5 (46... Kf7 47. f5 Bb3 48. a5 $18 {[%csl Rf6]}) 47. Kc5 {[%csl Rf6,Rh5]
[%cal Yc5d6,Yd6e7,Ye7f8,Yf8g7,Yg7h6]} Ra1 48. Kd6 Rd1+ 49. Ke7 Rd7+ 50. Ke8 Rb7
51. a5 $16 {[%cal Ra6b6]}) 46. Ra6 Kf5 47. Ra5+ Kg6 48. Rc5 {Hecht: 'Stellt
den Turm auf Kosten des Königs besser'} Ra2 49. a5 Ra4+ 50. Kc3 Re4 {Hecht:
'Läßt erneut Turm und Bauer freie Hand. Die Alternativen waren:'} (50... Bf5 $6
{Hecht} 51. Kb3 Ra1 52. Kb4 {[%cal Rc5c6,Rb4b5]}) (50... f5 $5 {Hecht} 51. Rc6
Kf7 52. a6 Bd7 53. Rf6+ (53. Rc7 Ke6 54. a7 Kd6 55. Bd8 Bc6 56. Rh7 $16 {
[%csl Rh5][%cal Yd8b6]}) 53... Kg7 {[%cal Rd7c8]} 54. Kb3 Ra5 $13) 51. Rc6 Kf5
52. a6 Ra4 53. Kd3 {'(.)' Hecht. Hecht: '[#] Entweder es fällt der Bf6 oder
der weiße König kann den Rubikon überschreiten.'} Bd7 (53... Ra2 {Hecht} 54.
Kd4 Ra5 55. Rc5+ $18) 54. Rxf6+ Kg4 55. Ke3 Ra3+ (55... Bc8 {Hecht} 56. Rg6+
Kh3 57. Rc6 Bxa6 58. f5 Bc4 59. f6 Bd5 (59... Kg4 60. Rc5 Bf7 61. Rg5+ Kh3 62.
Rg7 Ra7 63. Kf4 $18 {[%cal Rg7f7] ähnlich wie in der Partie. Das Abdrängen des
schwarzen und die Aktivierung des eigenen Königs spielt eine entscheidende
Rolle.})) 56. Kd4 Bc8 57. Rg6+ Kf3 58. Rc6 Ra4+ 59. Kd5 Ra5+ 60. Kd6 Bxa6 61.
f5 Bb5 62. Rc7 Bd3 63. Rc3 Ke3 64. Rxd3+ Kxd3 65. f6 Ra7 66. Ke6 Ra6+ 67. Kf5
Ra8 68. f7 1-0

[Event "Bundesliga 0304"]
[Site "Germany"]
[Date "2004.04.24"]
[Round "14.3"]
[White "Pelletier, Yannick"]
[Black "Sokolov, Ivan"]
[Result "0-1"]
[WhiteElo "2604"]
[BlackElo "2695"]
[Annotator "Huebner,R"]
[PlyCount "70"]
[EventDate "2003.11.01"]
[EventType "team-tourn"]
[EventRounds "15"]
[EventCountry "GER"]
[SourceTitle "CBM 101"]
[Source "ChessBase"]
[SourceDate "2004.07.27"]
[SourceVersion "1"]
[SourceVersionDate "2004.07.27"]
[SourceQuality "1"]
[WhiteTeam "Werder Bremen"]
[BlackTeam "Porz"]
[WhiteTeamCountry "GER"]
[BlackTeamCountry "GER"]

1. d4 d5 2. c4 c6 3. Nf3 Nf6 4. Nc3 a6 5. c5 Bg4 6. Ne5 Bf5 7. Qb3 Ra7 8. f3 g6
9. e4 Be6 10. Qa4 {Nötig ist dies nicht, wie die Vorgänerpartie lehrt:} (10.
Be3 Bg7 (10... dxe4 11. Bc4 Bxc4 12. Qxc4 e6 13. fxe4 $16) 11. Qc2 O-O 12. Be2
Ne8 13. O-O dxe4 14. fxe4 Bxe5 15. dxe5 Nd7 16. Rad1 Qc7 17. Nd5 (17. Na4 $5)
17... cxd5 18. exd5 Qxe5 (18... Bf5) 19. Bf4 $6 (19. Qd2) 19... Bf5 20. Qd2 Qh8
21. Qe3 Qxb2 22. c6 bxc6 23. Qxa7 $2 Qxe2 24. dxc6 Ndf6 $19 {0-1 Mikhalevski,
V-Hodgson,J/Amsterdam 1995/EXT 97 (39). (39)}) 10... Bg7 11. Be2 O-O 12. Be3 b5
$6 (12... Nbd7 {sieht solider aus.}) 13. Qc2 $6 ({Die Fortsetzung} 13. cxb6
Qxb6 14. Nd3 {Verschafft dem Weißen eine sehr angenehme Stellung.}) 13... Ne8
14. exd5 Bxd5 15. a4 Rb7 16. axb5 axb5 17. O-O Nc7 18. f4 Be6 19. b4 (19. Bf3
Nd5 (19... b4 {scheitert an} 20. Nxc6) 20. Qf2 {ist nachhaltiger; Weiß sollte
sich nicht mit dem Abtausch von Leichtfiguren beeilen.}) 19... Nd5 20. Nxd5
Bxd5 21. h4 {Weiß möchte den Punkt g6 schwächen, um die Möglichkeit f7-f6 ein
für allemal auszuschalten. Andere Fortsetzungen bieten kaum Aussicht auf
Vorteil:} (21. f5 Nd7 22. Bf4 e6 {bringt nicht viel ein.}) (21. Ra8 Qc7 22. Bf3
Bxf3 23. Nxf3 Nd7 {ist ebenfalls völlig befriedigend für Schwarz.}) 21... Nd7
22. h5 e6 23. hxg6 hxg6 24. Ra6 Nxe5 25. fxe5 Rd7 26. Bd3 Qh4 27. Qe2 {Danach
kann Schwarz seinen schwarzfeldrigen Läufer aktivieren und hat keine Sorgen
mehr.} (27. Qd2 g5 (27... Qg4 28. Rf4 Qh5 29. Be2 Qh7 30. Rg4 {führt zu
besserem Spiel für Weiß.}) 28. Bb1 Bc4 29. Bf2 Qh5 30. Re1 f6 {mit unjklarem
Spiel.}) (27. Qf2 $5 {bietet vielleicht die besten Aussichten:} Qxf2+ 28. Rxf2
Rc8 (28... f5 29. exf6 Rxf6 30. Rxf6 Bxf6 31. Bxg6 {genügt nicht zum Ausgleich.
}) 29. Bb1 Bf8 30. Ba2 Bxa2 31. Rfxa2 {, und die Lage des Schwarzen ist nicht
bequem.}) 27... Bh6 28. Bf2 $6 {Weiß befürchtet wohl, daß der Bauer auf d4
nach Abtausch der schwarzfeldrigen Läufer schwach werden könnte. Der Textzug
ist jedoch recht passiv.} (28. Bxh6 Qxh6 29. Raa1 Qg5 30. Rf2 Kg7 31. Qd2 {
führt zumAusgleich.}) 28... Qf4 29. Re1 $2 {Weiß bereitet Ld3-e4 vor, aber
dazu kommt er nicht.} (29. Raa1 {mit gleichem Spiel ist solider.}) 29... f5 $1
(29... Qd2 30. Be4 Rc8 31. Bxd5 Rxd5 32. Ra7 Qxb4 33. Qf3 Rf8 34. Rd1 {führt
zu einer recht unklaren Lage.}) 30. exf6 {Die Öffnung der Stellung ist fatal
für Weiß. Aber auch andere Fortsetzungen sind schon höchst unbequem für ihn:} (
30. Qe3 Qg4 31. Qg3 Qxg3 32. Bxg3 Bd2 33. Rb1 Be4 34. Bxe4 fxe4 {Schwarz
erhält einen gefährlichen Angriff.}) (30. Be3 Qh4 31. Bf2 Qg5 32. Qf1 (32. Be3
f4 33. Bc1 Qg3 {, und Schwarz gewinnt.}) 32... Rh7 {usw.}) 30... Qxf6 31. Ra3 (
{Nach} 31. Rf1 Rh7 {hat die Drohung Lh6-f4 entscheidende Kraft.}) 31... Rh7 $19
{Der Angriff des Schwarzen ist unwiderstehlich.} 32. Bxg6 Qxg6 33. Rg3 Bg5 34.
Be3 Rf5 35. Qd3 Rg7 0-1

[Event "Sigeman & Co 11th"]
[Site "Malmo"]
[Date "2003.05.07"]
[Round "8"]
[White "Nielsen, Peter Heine"]
[Black "Hansen, Sune Berg"]
[Result "1/2-1/2"]
[WhiteElo "2625"]
[BlackElo "2537"]
[Annotator "Huebner,R"]
[PlyCount "47"]
[EventDate "2003.04.29"]
[EventType "tourn"]
[EventRounds "9"]
[EventCountry "SWE"]
[EventCategory "13"]
[SourceTitle "CBM 095"]
[Source "ChessBase"]
[SourceDate "2003.07.25"]
[SourceVersion "1"]
[SourceVersionDate "2003.07.25"]
[SourceQuality "1"]

1. d4 d5 2. c4 c6 3. Nf3 Nf6 4. Nc3 a6 5. e3 Bf5 6. cxd5 cxd5 7. Ne5 h6 8. Qb3
Ra7 9. Bd2 e6 10. Rc1 Nbd7 11. Bb5 {Dies ist ein neuer Versuch, aber er bringt
nicht viel ein.} (11. Nxd7 Nxd7 12. Ne2 Nb8 13. Nf4 Bd6 (13... Nc6 $5 {kommt
auch in Betracht.}) 14. Bb4 Bxb4+ 15. Qxb4 Nc6 16. Qc5 Ra8 $11 {0-1 Radjabov,
T-Morozevich,A/Moscow 2002/CBM 91/[Huebner,R] (34). (34)}) 11... Bd6 (11...
axb5 12. Nxb5 {ist natürlich ungesund für Schwarz.}) (11... Be7 12. Nxd7 Nxd7
13. Bxd7+ Qxd7 14. Na4 Bd8 15. Bb4 b6 {reicht auch zur Verteidigung; der
Textzug ist aber sicherer.}) 12. Bxd7+ Nxd7 13. Nxd7 Kxd7 $1 (13... Qxd7 14.
Na4 O-O 15. Nb6 {ist wesentlich ungünstiger für Schwarz.}) 14. Na4 b5 15. Nc5+
Ke7 16. f3 Re8 17. e4 dxe4 ({Die Fortsetzung} 17... Bxc5 18. dxc5 dxe4 19. fxe4
Bxe4 20. c6 f5 21. Qg3 Kf7 22. c7 Qd7 23. Bf4 {ist riskant für Schwarz.}) 18.
fxe4 ({Oder} 18. Nxe4 Bxe4 19. fxe4 Kf8 20. O-O Kg8 {mit etwa gleichem Spiel.})
18... Bg6 19. e5 (19. Qe3 Qa8 20. O-O Bxc5 21. e5 Qe4 {mit gleichem Spiel.})
19... Bxc5 20. Bb4 (20. dxc5 {ergibt keinen Vorteil.} Qd5 $11) 20... Kd7 21.
Bxc5 (21. dxc5 Qh4+ 22. g3 Qe4+ 23. Kf2 Qd4+ {ist ungünstig für Weiß.}) 21...
Qh4+ 22. g3 Qe4+ 23. Kf2 Qf5+ 24. Qf3 1/2-1/2